New reforms to the residential leasehold system (Record no. 74919)

MARC details
000 -LEADER
fixed length control field 02353cab a2200265 4500
001 - CONTROL NUMBER
control field L129052
008 - FIXED-LENGTH DATA ELEMENTS--GENERAL INFORMATION
fixed length control field 110922n2005 000 0 eng u
035 ## - SYSTEM CONTROL NUMBER
System control number (Sirsi) u129052
100 ## - MAIN ENTRY--PERSONAL NAME
Personal name Driscoll, J.
245 ## - TITLE STATEMENT
Title New reforms to the residential leasehold system
260 ## - PUBLICATION, DISTRIBUTION, ETC.
Date of publication, distribution, etc. 2005
490 ## - SERIES STATEMENT
Series statement Estates Gazette
Volume/sequential designation (0508) 26 February 2005, 185(1)
490 ## - SERIES STATEMENT
Series statement Solicitors' Journal
Volume/sequential designation 149 (8) 25 February 2005, 217(1)
520 ## - SUMMARY, ETC.
Summary, etc. "The end of imbalance" focuses on the restrictions on the landlord's right to re-enter and forfeit a residential lease, which will come into force from 28 February 2005 through the Commonhold and Leasehold Reform Act 2002 (Commencement No 5 and Savings and Transitional Provision) Order 2004 SI 2004: 3056. Outlines the changes in respect of small amounts and short periods, the need to establish the breach and non-payment of service and other charges. Points out that these forfeiture restrictions apply currently only to residential leases but may soon apply to leases generally if the Law Commission's proposals in its consultation paper "Termination of tenancies for tenant default" available at www.lawcom.gov.uk are adopted. Table of statutory references. "Leasehold reforms" examines the further batch of leasehold reforms coming into force through SI 2004: 3056: major new restrictions on forfeiture of leases and provisions dealing with ground rents, house insurance and valuation for collective enfranchisement claims. View SI 2004: 3056 and the 2002 Act at www.legislation.hmso.gov.uk.
590 ## - LOCAL NOTE (RLIN)
Local note ABS
650 ## - SUBJECT ADDED ENTRY--TOPICAL TERM
Topical term or geographic name entry element COMMONHOLD AND LEASEHOLD REFORM ACT 2002 (COMMENCEMENT NO 5 AND SAVINGS AND TRANSITIONAL PROVISION) ORDER 2004
650 ## - SUBJECT ADDED ENTRY--TOPICAL TERM
Topical term or geographic name entry element LEASEHOLD REFORM
650 ## - SUBJECT ADDED ENTRY--TOPICAL TERM
Topical term or geographic name entry element ENFRANCHISEMENT
650 ## - SUBJECT ADDED ENTRY--TOPICAL TERM
Topical term or geographic name entry element FORFEITURE
690 ## - LOCAL SUBJECT ADDED ENTRY--TOPICAL TERM (OCLC, RLIN)
Topical term or geographic name as entry element PROPERTY-RESIDENTIAL PROPERTY-RESIDENTIAL LANDLORD AND TENANT-RESIDENTIAL TENANCIES
856 ## - ELECTRONIC LOCATION AND ACCESS
Uniform Resource Identifier <a href="https://www.justice.gov.uk/lawcommission/docs/cp174_Termination_of_Tenancies_Consultation.pdf">https://www.justice.gov.uk/lawcommission/docs/cp174_Termination_of_Tenancies_Consultation.pdf</a>
Public note View the consultation paper free of charge at www.justice.gov.uk
856 ## - ELECTRONIC LOCATION AND ACCESS
Uniform Resource Identifier <a href="https://www.legislation.gov.uk/uksi/2004/3056/pdfs/uksi_20043056_en.pdf">https://www.legislation.gov.uk/uksi/2004/3056/pdfs/uksi_20043056_en.pdf</a>
Public note View SI 2004: 3056 free of charge at www.legislation.gov.uk
856 ## - ELECTRONIC LOCATION AND ACCESS
Uniform Resource Identifier <a href="https://www.legislation.gov.uk/ukpga/2002/15/pdfs/ukpga_20020015_en.pdf">https://www.legislation.gov.uk/ukpga/2002/15/pdfs/ukpga_20020015_en.pdf</a>
Public note View the 2002 Act free of charge at www.legislation.gov.uk
942 ## - ADDED ENTRY ELEMENTS (KOHA)
Suppress in OPAC 0
Holdings
Withdrawn status Lost status Source of classification or shelving scheme Damaged status Not for loan Home library Current library Shelving location Date acquired Total Checkouts Full call number Barcode Date last seen Copy number Price effective from Koha item type
    Dewey Decimal Classification     London London Journal article 15/03/2005   X129052 129052-1001 06/08/2019 1 06/08/2019 Journal article